<?xml version="1.0" encoding="UTF-8"?>
<collection xmlns="http://www.loc.gov/MARC21/slim">
 <record>
  <leader>00771ngm a22002175g 4500</leader>
  <controlfield tag="001">CEM.cems022701</controlfield>
  <controlfield tag="008">130507b2005##################0###0#####d</controlfield>
  <controlfield tag="005">20241114144543.0</controlfield>
  <datafield tag="245" ind1="0" ind2="0">
   <subfield code="a">Revolución Rusa.</subfield>
  </datafield>
  <datafield tag="300" ind1=" " ind2=" ">
   <subfield code="a">5'.</subfield>
  </datafield>
  <datafield tag="490" ind1="0" ind2=" ">
   <subfield code="a">Clarín</subfield>
  </datafield>
  <datafield tag="500" ind1=" " ind2=" ">
   <subfield code="a">En soporte VHS, consultar en ventanilla.</subfield>
  </datafield>
  <datafield tag="538" ind1=" " ind2=" ">
   <subfield code="a">Soporte: VHS - Norma: Pal N - Color: Si - Grabación DRD 2005 - Hitachi=4190.</subfield>
  </datafield>
  <datafield tag="505" ind1="0" ind2=" ">
   <subfield code="a">La caída del Régimen. La dimisión del Zar Nicolás. Causas y consecuencias. Los bolcheviques. La Revolución Socialista.</subfield>
  </datafield>
  <datafield tag="082" ind1="9" ind2="4">
   <subfield code="/">AMB</subfield>
  </datafield>
  <datafield tag="653" ind1=" " ind2=" ">
   <subfield code="a">HISTORIA</subfield>
  </datafield>
  <datafield tag="653" ind1=" " ind2=" ">
   <subfield code="a">BOLCHEVIQUES</subfield>
  </datafield>
  <datafield tag="653" ind1=" " ind2=" ">
   <subfield code="a">REVOLUCION SOCIALISTA</subfield>
  </datafield>
  <datafield tag="653" ind1=" " ind2=" ">
   <subfield code="a">NIVEL PRIMARIO</subfield>
  </datafield>
  <datafield tag="653" ind1=" " ind2=" ">
   <subfield code="a">NIVEL SECUNDARIO</subfield>
  </datafield>
  <datafield tag="859" ind1=" " ind2=" ">
   <subfield code="a">CEMS</subfield>
   <subfield code="b">BIB. CEMS - Depto. Recursos Didacticos</subfield>
   <subfield code="h">947</subfield>
   <subfield code="i">AMB</subfield>
   <subfield code="k">DRD</subfield>
   <subfield code="p">1344.12</subfield>
   <subfield code="t">Ej.1</subfield>
  </datafield>
 </record>
</collection>
